| 000 | 01382nam a22001817a 4500 | ||
|---|---|---|---|
| 003 | OSt | ||
| 005 | 20251020165818.0 | ||
| 008 | 251020b |||||||| |||| 00| 0 eng d | ||
| 020 | _a9789978483329 | ||
| 100 | _aJean Webster | ||
| 245 | _aPapaito piernas largas | ||
| 260 |
_aQuito-Ecuador _bVelasquez & Velasquez Editores _c2013 |
||
| 300 |
_a206 _c14 cm × 21 cm × 0,50 cm. |
||
| 520 | _aLa historia sigue a Jerusha “Judy” Abbott, una joven huérfana que ha pasado toda su infancia en un orfanato llamado John Grier Home. Un día, los administradores reciben la visita de un misterioso benefactor que decide pagarle los estudios universitarios a Judy, impresionado por su talento para la escritura. La única condición es que ella le escriba una carta cada mes, contándole su vida en la universidad, aunque él nunca le responderá ni revelará su identidad. Judy, que solo alcanzó a ver la sombra del hombre cuando se iba (alta y con piernas largas), lo apoda cariñosamente “Papaito Piernas Largas” (Daddy-Long-Legs en inglés). Durante sus años de estudio, Judy escribe con humor, inocencia y sinceridad sobre sus experiencias, amistades, descubrimientos y emociones. A medida que madura, desarrolla un fuerte sentido de independencia y comienza a escribir novelas. | ||
| 650 | _2Papaito piernas largas | ||
| 650 | _2Jugar y aprender | ||
| 942 |
_2ddc _cBK _n0 |
||
| 999 |
_c2011 _d2011 |
||